The Wrath of Mulgarath /

Three ordinary kids, Jared, Simon, and Mallory Grace, have entered another world -- without leaving this one!

Bibliographic Details
Main Author: DiTerlizzi, Tony
Other Authors: Black, Holly
Format: Book
Language:English
Published: New York : Simon and Schuster Books for Young Readers, [2004]
Edition:1st ed.
Series:DiTerlizzi, Tony. Spiderwick chronicles ; bk. 5.
Subjects:

MARC

Tag First Indicator Second Indicator Subfields
LEADER 00000cam a2200000Ia 4500
001 in00001997409
005 20151031113057.0
008 040826s2004 nyua j 000 1 eng
020 |a 0689859406 
035 |a (OCoLC)ocm56361180 
040 |a LPU  |c LPU  |d UtOrBLW 
049 |a TXAM 
090 |a PZ7.D629  |b Wr 2004 
100 1 |a DiTerlizzi, Tony. 
245 1 4 |a The Wrath of Mulgarath /  |c Tony DiTerlizzi and Holly Black. 
250 |a 1st ed. 
264 1 |a New York :  |b Simon and Schuster Books for Young Readers,  |c [2004] 
264 4 |c ©2004 
300 |a 139 pages :  |b illustrations ;  |c 18 cm. 
336 |a text  |b txt  |2 rdacontent 
337 |a unmediated  |b n  |2 rdamedia 
338 |a volume  |b nc  |2 rdacarrier 
490 1 |a The Spiderwick chronicles ;  |v bk. 5 
520 |a Three ordinary kids, Jared, Simon, and Mallory Grace, have entered another world -- without leaving this one! 
650 0 |a Children  |v Fiction. 
700 1 |a Black, Holly. 
800 1 |a DiTerlizzi, Tony.  |t Spiderwick chronicles ;  |v bk. 5. 
948 |a cataloged  |b h  |c 2004/9/22  |d c  |e ceaton  |f 8:47:15 am 
994 |a E0  |b TXA 
999 |a MARS 
999 f f |s b29efef8-80a5-30c4-8ee9-98a982c7282f  |i 04a141e4-ece5-37a1-9df0-ebd67edf58d9  |t 0 
952 f f |p ric  |a Texas A&M University  |b Rellis Campus  |c Joint Library Facility  |d Remote Storage  |t 0  |e PZ7.D629 Wr 2004  |h Library of Congress classification  |i unmediated -- volume  |m A14832270109 
998 f f |a PZ7.D629 Wr 2004  |t 0  |l Remote Storage